000
00318nam a22001457a 4500
008
230721b ||||| |||| 00| 0 eng d
020
_a
9780691036335
041
_a
eng
080
_a
521
082
_a
521MAR
100
_a
19
101
_a
ASTRO
245
_a
THE SUPERNOVA STORY
_c
MARSCHALL .A.L
942
_2
udc
_c
BK
999
_c
60195
_d
60195